| 000 | 00555nam a22001697a 4500 | ||
|---|---|---|---|
| 020 | _qHard Cover. | ||
| 082 | _a621.3 | ||
| 100 | _aRaza Fraz, Muhammad | ||
| 245 |
_aSIMULTANEOUS ESCAPE ROUTING ON PCB WITH STEINER NODES / _cMuhammad Raza Fraz |
||
| 260 |
_aIslamabad: _bSEECS - NUST. _c2015. |
||
| 300 |
_aix, 109 p. : ill. ; _c30cm. |
||
| 650 |
_aMs Thesis. _918721 |
||
| 700 |
_aDr. Anjum Naveed. _918513 |
||
| 856 | _uhttp://10.250.8.41:8080/xmlui/handle/123456789/9400 | ||
| 942 |
_2ddc _cTHE |
||
| 999 |
_c528172 _d528172 |
||